| 000 | 01287nam a2200373 c 4500 | ||
|---|---|---|---|
| 001 | 58712 | ||
| 003 | CO-BoRNBP | ||
| 005 | 20250827190312.0 | ||
| 007 | ta | ||
| 008 | 141031s19932015ve a b 000 p spa d | ||
| 020 | _a9789802571345 | ||
| 040 |
_aCO-BoRNBP _bspa _erda _cCO-BoRNBP |
||
| 041 | 0 | _aspa | |
| 043 | _as-ve--- | ||
| 084 | _aP | ||
| 245 | 0 | 0 |
_aEstaba el señor Don Gato / _cilustrado por Carmen Salvador ; edición a cargo de Elena Iribarren. |
| 250 | _aSéptima edición, Novena edición | ||
| 264 | 1 |
_aCaracas, Venezuela : _bEkaré, _c2015 |
|
| 300 |
_a28 páginas : _bilustraciones a color |
||
| 336 |
_atexto _btxt _2rdacontent |
||
| 337 |
_asin mediación _bn _2rdamedia |
||
| 338 |
_avolumen _bnc _2rdacarrier |
||
| 490 | 0 | _aClave de sol | |
| 500 | _aEl material correspondiente a la dotación PNLB 2022, corresponde a la novena edición de 2015 | ||
| 500 | _aIncluye letras y partituras | ||
| 521 | _aRecomendado para un público infantil mayor de 6 años | ||
| 650 | 0 | 4 |
_aLiteratura infantil venezolana _2LEMB _91703 |
| 650 | 0 | 4 |
_aPoesía infantil venezolana _2LEMB _924870 |
| 650 | 0 | 7 |
_aRima _vPoesía _2LEMB _963847 |
| 655 |
_aPoesía _962912 |
||
| 700 |
_aIribarren, Elena _eedt _937548 |
||
| 700 |
_aSalvador, Carmen _eill _963848 |
||
| 942 |
_2loc _cBKLITI |
||
| 999 |
_c58712 _d58712 |
||